[Event "Bristol Centenary & WECU Championship"]
[Site "The Great Hall, Bristol Gramm"]
[Date "2024.04.27"]
[Round "3.5"]
[White "Cast, Julian"]
[Black "Arkell, Keith C"]
[Result "0-1"]
[WhiteElo "1951"]
[BlackElo "2371"]
[PlyCount "78"]
[EventDate "2024.04.26"]
[EventRounds "5"]
[EventCountry "ENG"]
[SourceTitle "ID added"]
[SourceDate "2024.08.26"]
[SourceVersion "1"]
[SourceVersionDate "2024.08.26"]
[SourceQuality "1"]

1. d4 e6 2. e4 d5 3. Be3 dxe4 4. f3 exf3 5. Nxf3 Nf6 6. Bd3 Nbd7 7. O-O c5 8.
c3 cxd4 9. cxd4 Be7 10. Nc3 O-O 11. Qe1 Ng4 12. Bf4 Nb6 13. h3 Nf6 14. Bg5 h6
15. Qh4 Nfd5 16. Ne4 f5 17. Bxe7 Qxe7 18. Qxe7 Nxe7 19. Nc5 Nbd5 20. Rae1 Rf6
21. Ne5 Nc6 22. Nxc6 bxc6 23. a3 a5 24. b3 Kf7 25. Rf2 Ra7 26. Bc4 Ke7 27. Bxd5
cxd5 28. a4 Kd6 29. Re3 g5 30. Rc2 Bd7 31. Nxd7 Kxd7 32. Rc5 Rf8 33. Rec3 Rb8
34. Kf2 Ke7 35. Ke2 Rab7 36. Rxa5 Rxb3 37. Rc7+ Kf6 38. Raa7 Rb2+ 39. Kd1 Rxg2
0-1

[Event "Bristol Centenary & WECU Championship"]
[Site "The Great Hall, Bristol Gramm"]
[Date "2024.04.27"]
[Round "3.6"]
[White "Wells, Peter K"]
[Black "Moore, Gerald"]
[Result "1-0"]
[WhiteElo "2351"]
[BlackElo "2076"]
[PlyCount "49"]
[EventDate "2024.04.26"]
[EventRounds "5"]
[EventCountry "ENG"]
[SourceTitle "ID added"]
[SourceDate "2024.08.26"]
[SourceVersion "1"]
[SourceVersionDate "2024.08.26"]
[SourceQuality "1"]

1. e4 c5 2. Nf3 Nc6 3. Bb5 Nf6 4. Bxc6 dxc6 5. d3 Bg4 6. h3 Bh5 7. Nbd2 Nd7 8.
g4 Bg6 9. Nc4 f6 10. Qe2 e5 11. a4 Be7 12. Nh4 Nf8 13. f4 exf4 14. Bxf4 Ne6 15.
Be3 Qc7 16. Nf5 O-O-O 17. a5 Bxf5 18. gxf5 Nd4 19. Qf2 Bd6 20. Rg1 g5 21. fxg6
hxg6 22. Rxg6 Rxh3 23. Bxd4 Rh1+ 24. Ke2 Rxa1 25. Bxf6 1-0

[Event "Bristol Centenary & WECU Championship"]
[Site "The Great Hall, Bristol Gramm"]
[Date "2024.04.27"]
[Round "3.7"]
[White "Beaumont, Chris R"]
[Black "Pang, Ethan"]
[Result "1-0"]
[WhiteElo "2224"]
[BlackElo "1880"]
[PlyCount "120"]
[EventDate "2024.04.26"]
[EventRounds "5"]
[EventCountry "ENG"]
[SourceTitle "ID added"]
[SourceDate "2024.08.26"]
[SourceVersion "1"]
[SourceVersionDate "2024.08.26"]
[SourceQuality "1"]

1. Nf3 c5 2. c4 Nc6 3. g3 g6 4. Bg2 Bg7 5. Nc3 d6 6. O-O e5 7. d3 Nge7 8. a3 a5
9. Rb1 O-O 10. Bg5 f6 11. Be3 Be6 12. Ne1 Qd7 13. Nc2 a4 14. b3 axb3 15. Rxb3
Ra7 16. Qb1 Nd4 17. Bxd4 cxd4 18. Ne4 h6 19. Rb6 Nc8 20. Rb5 f5 21. Nd2 b6 22.
Qb3 Ra5 23. Rb1 Qa7 24. Bd5 Bf7 25. Rxa5 Qxa5 26. Qb4 Bxd5 27. Qxa5 bxa5 28.
cxd5 Ne7 29. Rb5 Rc8 30. Nc4 Rc5 31. Rxc5 dxc5 32. d6 Nc6 33. a4 Kf7 34. Na1
Ke6 35. Nb3 Kd5 36. d7 Bf6 37. Nbxa5 Nxa5 38. Nxa5 Kd6 39. Nb7+ Kxd7 40. Nxc5+
Kd6 41. Nb3 Kd5 42. Kf1 e4 43. Ke1 e3 44. f3 g5 45. g4 fxg4 46. fxg4 Be5 47. h3
Bb8 48. Kf1 Bc7 49. Kg2 Bb6 50. Kf3 Bc7 51. a5 Bd8 52. a6 Bb6 53. Na5 Ba7 54.
Nc4 Bc5 55. Na5 Bb6 56. Nb7 Kc6 57. Ke4 Kb5 58. Nd6+ Kxa6 59. Nf5 Kb5 60. Nxd4+
Kc5 1-0

[Event "Bristol Centenary & WECU Championship"]
[Site "The Great Hall, Bristol Gramm"]
[Date "2024.04.27"]
[Round "3.8"]
[White "Alldritt, Nigel Re"]
[Black "Matlak, Oleksandr"]
[Result "0-1"]
[WhiteElo "1977"]
[BlackElo "2142"]
[PlyCount "85"]
[EventDate "2024.04.26"]
[EventRounds "5"]
[EventCountry "ENG"]
[SourceTitle "ID added"]
[SourceDate "2024.08.26"]
[SourceVersion "1"]
[SourceVersionDate "2024.08.26"]
[SourceQuality "1"]

1. d4 Nf6 2. c4 c5 3. d5 e6 4. Nc3 exd5 5. cxd5 d6 6. g3 g6 7. Bg2 Bg7 8. Nf3
O-O 9. O-O Re8 10. Bf4 h6 11. h3 g5 12. Bc1 Bf5 13. a4 Ne4 14. Nxe4 Bxe4 15.
Nd2 Bxg2 16. Kxg2 Nd7 17. Nc4 Qe7 18. Ne3 f5 19. Qd3 f4 20. Nf5 Qxe2 21. Qxe2
Rxe2 22. gxf4 Rf8 23. Nxg7 Kxg7 24. fxg5 hxg5 25. Bxg5 Nb6 26. Rae1 Rfxf2+ 27.
Rxf2 Rxe1 28. Bf6+ Kg8 29. Bc3 Re7 30. Rf6 Rd7 31. Rh6 Nxd5 32. Rg6+ Kf7 33.
Rg7+ Ke6 34. Rxd7 Kxd7 35. Bd2 Ke6 36. Kf3 Kf5 37. h4 Nf6 38. Bf4 d5 39. Bd2 b6
40. Bg5 Nd7 41. Bd8 Ne5+ 42. Ke2 Nc4 43. b3 0-1

[Event "Bristol Centenary & WECU Championship"]
[Site "The Great Hall, Bristol Gramm"]
[Date "2024.04.27"]
[Round "3.9"]
[White "Southcott-Moyers, Indy"]
[Black "Dilleigh, Stephen P"]
[Result "1/2-1/2"]
[WhiteElo "2120"]
[BlackElo "1995"]
[PlyCount "54"]
[EventDate "2024.04.26"]
[EventRounds "5"]
[EventCountry "ENG"]
[SourceTitle "ID added"]
[SourceDate "2024.08.26"]
[SourceVersion "1"]
[SourceVersionDate "2024.08.26"]
[SourceQuality "1"]

1. d4 d5 2. c4 e6 3. Nf3 Nf6 4. Nc3 c5 5. cxd5 Nxd5 6. e4 Nxc3 7. bxc3 cxd4 8.
cxd4 Bb4+ 9. Bd2 Bxd2+ 10. Qxd2 O-O 11. Bc4 Nd7 12. O-O b6 13. Rad1 Bb7 14.
Rfe1 Rc8 15. Bb3 Re8 16. h3 Nf6 17. Qf4 Qc7 18. Ne5 Rf8 19. Re3 Nd7 20. Qg3
Nxe5 21. dxe5 b5 22. Red3 Bxe4 23. Rd7 Qc3 24. Qf4 Qc6 25. R7d6 Qb7 26. Rd7 Qc6
27. R7d6 Qb7 1/2-1/2

[Event "Bristol Centenary & WECU Championship"]
[Site "The Great Hall, Bristol Gramm"]
[Date "2024.04.27"]
[Round "3.10"]
[White "Han, Qixuan"]
[Black "Hobson, Kenneth"]
[Result "0-1"]
[WhiteElo "1827"]
[BlackElo "2120"]
[PlyCount "110"]
[EventDate "2024.04.26"]
[EventRounds "5"]
[EventCountry "ENG"]
[SourceTitle "ID added"]
[SourceDate "2024.08.26"]
[SourceVersion "1"]
[SourceVersionDate "2024.08.26"]
[SourceQuality "1"]

1. Nf3 Nf6 2. e3 d5 3. c4 c6 4. Nc3 Bf5 5. Qb3 Qb6 6. Qxb6 axb6 7. cxd5 cxd5 8.
Bb5+ Nc6 9. b3 e6 10. Nd4 Rc8 11. Nxf5 exf5 12. Bb2 Bd6 13. O-O O-O 14. d4 f4
15. exf4 Nxd4 16. Rad1 Rxc3 17. Bxc3 Nxb5 18. Bxf6 gxf6 19. Rxd5 Bc5 20. Rd7
Nc3 21. a4 Ne2+ 22. Kh1 Nxf4 23. Rxb7 Nd3 24. f3 Re8 25. h3 Re2 26. Rb1 Kg7 27.
Rd7 Nf4 28. b4 Bf2 29. Ra1 Bg3 30. Rg1 Nxh3 31. Rf1 Nf4 32. Rg1 Re5 33. Rgd1
Rh5+ 34. Kg1 Ne2+ 35. Kf1 Nc3 36. Kg1 Nxd1 37. Rxd1 Rh4 38. Rb1 Rc4 39. Kf1 Rc2
40. Ra1 Bd6 41. a5 bxa5 42. bxa5 Bc5 43. a6 Rf2+ 44. Ke1 Rxg2 45. Ra4 Ba7 46.
Rg4+ Rxg4 47. fxg4 Kg6 48. Ke2 f5 49. Kf3 fxg4+ 50. Kxg4 f5+ 51. Kf4 h5 52. Ke5
Kg5 53. Kd6 f4 54. Kc6 f3 55. Kb7 Be3 0-1

[Event "Bristol Centenary & WECU Championship"]
[Site "The Great Hall, Bristol Gramm"]
[Date "2024.04.27"]
[Round "3.11"]
[White "Merry, Alan B"]
[Black "Davis, Colin J"]
[Result "1-0"]
[WhiteElo "2438"]
[BlackElo "1975"]
[PlyCount "111"]
[EventDate "2024.04.26"]
[EventRounds "5"]
[EventCountry "ENG"]
[SourceTitle "ID added"]
[SourceDate "2024.08.26"]
[SourceVersion "1"]
[SourceVersionDate "2024.08.26"]
[SourceQuality "1"]

1. d4 d6 2. e4 Nf6 3. Nc3 g6 4. g3 Bg7 5. Bg2 O-O 6. Nge2 Nc6 7. O-O e5 8. dxe5
dxe5 9. Bg5 Be6 10. Nd5 Bxd5 11. exd5 Ne7 12. c4 h6 13. Bd2 c6 14. dxc6 Nxc6
15. Qc2 Rc8 16. Rfd1 Qe7 17. Rac1 Nd4 18. Nxd4 exd4 19. b4 Rfd8 20. Qd3 Nd7 21.
c5 Ne5 22. Qe4 Qf6 23. Bf4 Rc7 24. Re1 Re7 25. Bxe5 Rxe5 26. Qxe5 Qxe5 27. Rxe5
Bxe5 28. Bxb7 d3 29. Rd1 Kf8 30. f4 Bc3 31. c6 Bd4+ 32. Kf1 Bb6 33. Ba6 Rd6 34.
Bb5 g5 35. fxg5 hxg5 36. Rxd3 Rxd3 37. Bxd3 Ke7 38. h4 gxh4 39. gxh4 Kf6 40.
Ke2 Ke5 41. Kf3 f5 42. h5 Kf6 43. Kf4 Bc7+ 44. Ke3 Bb6+ 45. Kd2 Kg5 46. Be2 Kf6
47. Kd3 Ke6 48. Kc4 Be3 49. Kb5 Kd6 50. Bd3 f4 51. Be4 Bd4 52. h6 Kc7 53. h7
Kd6 54. Ka6 Kc7 55. a4 Kb8 56. b5 1-0

[Event "Bristol Centenary & WECU Championship"]
[Site "The Great Hall, Bristol Gramm"]
[Date "2024.04.27"]
[Round "3.12"]
[White "Stubbs, Oliver"]
[Black "Meek, Stephen J"]
[Result "1/2-1/2"]
[WhiteElo "2116"]
[BlackElo "1977"]
[PlyCount "65"]
[EventDate "2024.04.26"]
[EventRounds "5"]
[EventCountry "ENG"]
[SourceTitle "ID added"]
[SourceDate "2024.08.26"]
[SourceVersion "1"]
[SourceVersionDate "2024.08.26"]
[SourceQuality "1"]

1. e4 d6 2. d4 Nf6 3. Nc3 c6 4. f4 Qa5 5. Bd3 e5 6. Nf3 Bg4 7. Be3 Nbd7 8. O-O
Be7 9. h3 Bxf3 10. Qxf3 O-O 11. Ne2 Rfe8 12. c3 Qc7 13. Kh1 b5 14. dxe5 dxe5
15. f5 Bc5 16. Bc1 Kh8 17. g4 Bf8 18. g5 Ng8 19. Ng3 f6 20. h4 a6 21. a3 c5 22.
b3 c4 23. bxc4 bxc4 24. Be2 Rab8 25. Qg2 Red8 26. Nh5 Rb3 27. Rf3 Rdb8 28. Kh2
Rb1 29. Rxb1 Rxb1 30. Rf1 Rb3 31. Rf3 Rb1 32. Rf1 Rb3 33. Rf3 1/2-1/2

[Event "Bristol Centenary & WECU Championship"]
[Site "The Great Hall, Bristol Gramm"]
[Date "2024.04.27"]
[Round "3.13"]
[White "Baer, Bruce L"]
[Black "Bicknell, Carl"]
[Result "0-1"]
[WhiteElo "1945"]
[BlackElo "2116"]
[PlyCount "64"]
[EventDate "2024.04.26"]
[EventRounds "5"]
[EventCountry "ENG"]
[SourceTitle "ID added"]
[SourceDate "2024.08.26"]
[SourceVersion "1"]
[SourceVersionDate "2024.08.26"]
[SourceQuality "1"]

1. Nf3 d5 2. g3 Nf6 3. Bg2 e6 4. O-O Be7 5. d3 O-O 6. Nbd2 c5 7. e4 Nc6 8. e5
Nd7 9. Re1 Qc7 10. Qe2 b5 11. Nf1 Bb7 12. h4 Rfc8 13. h5 h6 14. Bf4 Qd8 15. Qd2
a5 16. N1h2 a4 17. a3 Nd4 18. Nxd4 cxd4 19. Nf3 Qb6 20. Bh3 b4 21. Kg2 bxa3 22.
bxa3 Rc7 23. Bxh6 gxh6 24. Qxh6 Nf8 25. Rab1 Qa7 26. g4 Ba6 27. g5 Rxc2 28. g6
Bxd3 29. Qf4 fxg6 30. hxg6 Bxg6 31. Nxd4 Rc4 32. Rbd1 Bc5 0-1

[Event "Bristol Centenary & WECU Championship"]
[Site "The Great Hall, Bristol Gramm"]
[Date "2024.04.27"]
[Round "3.14"]
[White "Gorgun, Aliriza Atif"]
[Black "Khoury, Theo"]
[Result "1-0"]
[WhiteElo "1916"]
[BlackElo "2113"]
[PlyCount "79"]
[EventDate "2024.04.26"]
[EventRounds "5"]
[EventCountry "ENG"]
[SourceTitle "ID added"]
[SourceDate "2024.08.26"]
[SourceVersion "1"]
[SourceVersionDate "2024.08.26"]
[SourceQuality "1"]

1. e4 c5 2. Nf3 d6 3. d4 cxd4 4. Nxd4 Nf6 5. Nc3 a6 6. Rg1 e5 7. Nb3 h5 8. Be3
Be6 9. h3 Nbd7 10. Qd2 b5 11. a3 Rc8 12. f4 Be7 13. f5 Bc4 14. Bd3 Nb6 15. Qf2
Nfd7 16. O-O-O Bxd3 17. Rxd3 Nc4 18. Kb1 Nxe3 19. Qxe3 Nb6 20. Nd5 Nxd5 21.
Rxd5 Qc7 22. c3 h4 23. Na1 Qb7 24. Qe2 Rc4 25. Nc2 Qb6 26. Rgd1 O-O 27. f6 Bxf6
28. Rxd6 Qb7 29. Rxf6 gxf6 30. Qg4+ Kh7 31. Qxh4+ Kg6 32. Rd6 Rfc8 33. Qxf6+
Kh7 34. Qg5 R4c6 35. Qf5+ Kh8 36. Rd7 R8c7 37. Qh5+ Kg7 38. Qxf7+ Kh6 39. Qg7+
Kh5 40. Qxe5+ 1-0

[Event "Bristol Centenary & WECU Championship"]
[Site "The Great Hall, Bristol Gramm"]
[Date "2024.04.27"]
[Round "3.15"]
[White "Hill, Andy"]
[Black "Ogunshola, Olugbemiga (Ben)"]
[Result "0-1"]
[WhiteElo "1926"]
[BlackElo "2038"]
[PlyCount "118"]
[EventDate "2024.04.26"]
[EventRounds "5"]
[EventCountry "ENG"]
[SourceTitle "ID added"]
[SourceDate "2024.08.26"]
[SourceVersion "1"]
[SourceVersionDate "2024.08.26"]
[SourceQuality "1"]

1. Nf3 Nf6 2. c4 g6 3. d4 Bg7 4. g3 O-O 5. Bg2 d6 6. O-O Nc6 7. Nc3 a6 8. b3
Rb8 9. d5 Na5 10. Bg5 c5 11. dxc6 Nxc6 12. Qd2 b5 13. cxb5 axb5 14. Ne1 b4 15.
Na4 Bd7 16. Rc1 Ne5 17. Nb2 Qa5 18. Nbd3 Nxd3 19. Nxd3 Rb5 20. h4 Bf5 21. Bc6
Rbb8 22. a4 Be6 23. Rb1 Bd5 24. Bb5 Ne4 25. Qxb4 Qa8 26. Rbc1 Nxg5 27. hxg5 h6
28. Nf4 Bb7 29. gxh6 Bxh6 30. Rc7 Bg5 31. Qc4 Kg7 32. f3 Bf6 33. Kg2 Rh8 34. e4
Rbc8 35. Rxc8 Rxc8 36. Qe2 e5 37. Nd3 d5 38. Nf2 Rc3 39. Bd3 Rxb3 40. Rh1 Kg8
41. Ng4 Bg7 42. Re1 Qc8 43. Nf2 Qc3 44. Qc2 dxe4 45. fxe4 Bf8 46. Rc1 Qxc2 47.
Rxc2 Rxd3 48. Nxd3 Bxe4+ 49. Kf2 Bxd3 50. Rc8 Kg7 51. Ke3 e4 52. Rc3 Bd6 53.
Rc6 Bxg3 54. a5 f5 55. a6 f4+ 56. Kd2 Bf2 57. Rc7+ Kf6 58. a7 Be3+ 59. Ke1 f3
0-1

[Event "Bristol Centenary & WECU Championship"]
[Site "The Great Hall, Bristol Gramm"]
[Date "2024.04.27"]
[Round "3.16"]
[White "Banerjee, Supratit"]
[Black "Maton, Emily"]
[Result "1-0"]
[WhiteElo "2025"]
[BlackElo "1876"]
[PlyCount "67"]
[EventDate "2024.04.26"]
[EventRounds "5"]
[EventCountry "ENG"]
[SourceTitle "ID added"]
[SourceDate "2024.08.26"]
[SourceVersion "1"]
[SourceVersionDate "2024.08.26"]
[SourceQuality "1"]

1. e4 e6 2. d4 d5 3. exd5 exd5 4. Nf3 Nf6 5. Bd3 c5 6. c3 c4 7. Bc2 Bd6 8. O-O
O-O 9. b3 Qc7 10. bxc4 dxc4 11. Nbd2 Bg4 12. h3 Bh5 13. Ne4 Nxe4 14. Bxe4 f5
15. Bd5+ Kh8 16. Qe2 Bxf3 17. Qxf3 Nc6 18. Rb1 Na5 19. Bd2 Rab8 20. Rfe1 Qd7
21. Be6 Qa4 22. Qd5 Rbd8 23. Qb5 Qxb5 24. Rxb5 b6 25. Rxf5 Rxf5 26. Bxf5 h6 27.
g4 b5 28. Re6 Nc6 29. g5 b4 30. gxh6 bxc3 31. Bxc3 Ne7 32. Be4 gxh6 33. d5+ Kg8
34. Rxh6 1-0

[Event "Bristol Centenary & WECU Championship"]
[Site "The Great Hall, Bristol Gramm"]
[Date "2024.04.27"]
[Round "3.17"]
[White "Clarke, James"]
[Black "Longson, Sarah N"]
[Result "1/2-1/2"]
[WhiteElo "1871"]
[BlackElo "1990"]
[PlyCount "62"]
[EventDate "2024.04.26"]
[EventRounds "5"]
[EventCountry "ENG"]
[SourceTitle "ID added"]
[SourceDate "2024.08.26"]
[SourceVersion "1"]
[SourceVersionDate "2024.08.26"]
[SourceQuality "1"]

1. e4 e5 2. Nf3 Nc6 3. Bb5 a6 4. Ba4 Nf6 5. O-O b5 6. Bb3 Bc5 7. a4 Rb8 8. c3
d6 9. d4 Bb6 10. a5 Ba7 11. Be3 Ra8 12. dxe5 Nxe5 13. Nxe5 dxe5 14. Qxd8+ Kxd8
15. Bxf7 Bxe3 16. fxe3 Bb7 17. Nd2 Ke7 18. Bb3 Rad8 19. Rad1 Rd3 20. Bc2 Rd6
21. Nf3 Ng4 22. Rde1 Rhd8 23. h3 Nf6 24. Nxe5 Rd2 25. Rf2 Rxf2 26. Kxf2 Nxe4+
27. Bxe4 Bxe4 28. Nf3 c5 29. Ke2 Bd3+ 30. Kf2 Be4 31. Ke2 Bd3+ 1/2-1/2

[Event "Bristol Centenary & WECU Championship"]
[Site "The Great Hall, Bristol Gramm"]
[Date "2024.04.27"]
[Round "3.18"]
[White "Mize, Dylan"]
[Black "Underwood, Jonathan Wr"]
[Result "0-1"]
[WhiteElo "1870"]
[BlackElo "1987"]
[PlyCount "72"]
[EventDate "2024.04.26"]
[EventRounds "5"]
[EventCountry "ENG"]
[SourceTitle "ID added"]
[SourceDate "2024.08.26"]
[SourceVersion "1"]
[SourceVersionDate "2024.08.26"]
[SourceQuality "1"]

1. d4 f5 2. Bg5 g6 3. e3 Nh6 4. h4 Nf7 5. Nf3 Bg7 6. Nc3 d5 7. Bd3 c6 8. Bf4
Nd7 9. h5 e5 10. hxg6 hxg6 11. Rxh8+ Bxh8 12. dxe5 Ndxe5 13. Qd2 g5 14. Bg3 Bd7
15. O-O-O Qf6 16. Be2 O-O-O 17. Nxe5 Nxe5 18. Qd4 Re8 19. Na4 b6 20. Ba6+ Kd8
21. Qd2 Re7 22. Nc3 b5 23. Qd4 Bc8 24. Bxc8 Kxc8 25. Rh1 Kb7 26. Qb4 Bg7 27. a4
a6 28. Rh7 Nc4 29. a5 Bf8 30. Rxe7+ Bxe7 31. Qb3 Nxa5 32. Qa2 Nc4 33. Ne2 Qh8
34. c3 Qh1+ 35. Kc2 Qxg2 36. Kd3 Qe4# 0-1

[Event "Bristol Centenary & WECU Championship"]
[Site "The Great Hall, Bristol Gramm"]
[Date "2024.04.27"]
[Round "3.19"]
[White "Guilfoyle, John M"]
[Black "Damodaran, Patrick"]
[Result "1/2-1/2"]
[WhiteElo "2070"]
[BlackElo "1881"]
[PlyCount "72"]
[EventDate "2024.04.26"]
[EventRounds "5"]
[EventCountry "ENG"]
[SourceTitle "ID added"]
[SourceDate "2024.08.26"]
[SourceVersion "1"]
[SourceVersionDate "2024.08.26"]
[SourceQuality "1"]

1. d4 Nf6 2. c4 g6 3. Nc3 Bg7 4. e4 d6 5. Nf3 O-O 6. Be2 e5 7. d5 Nbd7 8. Bg5
h6 9. Bh4 a5 10. Nd2 Nc5 11. O-O g5 12. Bg3 Bd7 13. b3 Nh7 14. f3 h5 15. a3 g4
16. fxg4 Qg5 17. Qc2 hxg4 18. b4 axb4 19. axb4 Na6 20. Rab1 Bh6 21. Rb2 Nxb4
22. Rxb4 Qxd2 23. Rb2 Qxc2 24. Rxc2 f5 25. Bd3 f4 26. Bf2 f3 27. c5 Ng5 28.
cxd6 fxg2 29. Kxg2 g3 30. dxc7 Bh3+ 31. Kxg3 Rf3+ 32. Kh4 Bd7 33. Bg3 Rxd3 34.
Rf6 Ra6 35. Rxa6 bxa6 36. Na4 Nxe4 1/2-1/2

[Event "Bristol Centenary & WECU Championship"]
[Site "The Great Hall, Bristol Gramm"]
[Date "2024.04.27"]
[Round "3.20"]
[White "Lishoy Gengis Paratazham, Dildarav"]
[Black "Fellowes, Billy"]
[Result "1/2-1/2"]
[WhiteElo "1924"]
[BlackElo "1969"]
[PlyCount "128"]
[EventDate "2024.04.26"]
[EventRounds "5"]
[EventCountry "ENG"]
[SourceTitle "ID added"]
[SourceDate "2024.08.26"]
[SourceVersion "1"]
[SourceVersionDate "2024.08.26"]
[SourceQuality "1"]

1. e4 Nc6 2. Nf3 d6 3. d4 Nf6 4. Nc3 g6 5. Be3 Bg7 6. Qd2 Ng4 7. Bg5 h6 8. Bf4
e5 9. dxe5 Ngxe5 10. Nxe5 dxe5 11. Qxd8+ Nxd8 12. Be3 Ne6 13. O-O-O c6 14. a4
Bf8 15. Bc4 Bc5 16. Bxc5 Nxc5 17. Rd6 Ke7 18. Rhd1 Ne6 19. Bxe6 Bxe6 20. a5
Rhd8 21. Rxd8 Rxd8 22. Rxd8 Kxd8 23. Na4 Kc7 24. Kd2 b6 25. axb6+ axb6 26. b3
c5 27. c4 Kc6 28. Nc3 h5 29. h4 Kd6 30. Nb5+ Kc6 31. Nc3 Bc8 32. Nd5 Bb7 33.
Ne7+ Kd6 34. Nd5 Bc6 35. f3 b5 36. cxb5 Bxb5 37. g4 f5 38. gxh5 gxh5 39. Nc3
Bd7 40. exf5 Bxf5 41. Ne2 Be6 42. Kc3 Kd5 43. Ng3 Bf7 44. Ne4 Bg6 45. Ng3 Be8
46. Ne4 Bf7 47. Ng3 Bg6 48. Nf1 e4 49. f4 Ke6 50. Ne3 Bf7 51. b4 Kd6 52. bxc5+
Kxc5 53. Nc2 Be6 54. Ne3 Bg8 55. Nc2 Bc4 56. Ne3 Ba2 57. Nc2 Bb1 58. Ne3 Kd6
59. Kd4 Ke6 60. f5+ Kf6 61. Kd5 Bd3 62. Kd4 Bb1 63. Kd5 Bd3 64. Kd4 Bb1 1/2-1/2

[Event "Bristol Centenary & WECU Championship"]
[Site "The Great Hall, Bristol Gramm"]
[Date "2024.04.27"]
[Round "3.21"]
[White "Miller, George I"]
[Black "Chua, Sebastien"]
[Result "0-1"]
[WhiteElo "1893"]
[BlackElo "1969"]
[PlyCount "94"]
[EventDate "2024.04.26"]
[EventRounds "5"]
[EventCountry "ENG"]
[SourceTitle "ID added"]
[SourceDate "2024.08.26"]
[SourceVersion "1"]
[SourceVersionDate "2024.08.26"]
[SourceQuality "1"]

1. e4 d5 2. exd5 Qxd5 3. Nc3 Qa5 4. Bc4 Nf6 5. d3 Bg4 6. f3 Bd7 7. Bd2 Qb6 8.
Qe2 e6 9. O-O-O a5 10. Be3 Qd6 11. Ne4 Nxe4 12. dxe4 Qc6 13. Bg5 b5 14. Bxb5
Qb7 15. Qc4 c6 16. Ba4 f6 17. Bf4 Qb4 18. Qxb4 axb4 19. Bxb8 Rxb8 20. Ne2 e5
21. Rd3 Rc8 22. Rhd1 Be6 23. Bb3 Bxb3 24. Rxb3 Bc5 25. c3 Be3+ 26. Kc2 c5 27.
a3 bxa3 28. bxa3 O-O 29. Rd7 Rb8 30. c4 Rxb3 31. Kxb3 Rb8+ 32. Kc2 Bd4 33. Nxd4
cxd4 34. c5 Rc8 35. Rd5 Kf7 36. Kb3 g5 37. Kc4 Ke6 38. a4 Ra8 39. Kb5 Rb8+ 40.
Kc4 Rb2 41. c6 Rxg2 42. Kb5 Rc2 43. Kb6 f5 44. c7 g4 45. Rc5 Rxc5 46. Kxc5 Kd7
47. exf5 gxf3 0-1

[Event "Bristol Centenary & WECU Championship"]
[Site "The Great Hall, Bristol Gramm"]
[Date "2024.04.27"]
[Round "3.22"]
[White "Nendick, Philip Hc"]
[Black "Han, Qixiang"]
[Result "0-1"]
[WhiteElo "1938"]
[BlackElo "1874"]
[PlyCount "116"]
[EventDate "2024.04.26"]
[EventRounds "5"]
[EventCountry "ENG"]
[SourceTitle "ID added"]
[SourceDate "2024.08.26"]
[SourceVersion "1"]
[SourceVersionDate "2024.08.26"]
[SourceQuality "1"]

1. d4 d5 2. c4 c6 3. cxd5 cxd5 4. Nc3 Nf6 5. Bf4 Nc6 6. e3 a6 7. Bd3 Bg4 8. Nf3
e6 9. Rc1 Bd6 10. Bxd6 Qxd6 11. O-O O-O 12. h3 Bh5 13. Na4 Ne4 14. Nc5 Bxf3 15.
gxf3 Nxc5 16. dxc5 Qe7 17. Kh2 Qh4 18. f4 f5 19. Qf3 Rf6 20. Qg3 Qh5 21. Qg5
Qf7 22. Rg1 Rf8 23. a3 Qc7 24. Qg2 Rg6 25. Qf3 Rff6 26. Rxg6 Rxg6 27. b4 Rh6
28. Rg1 Nd8 29. Qg3 Rg6 30. Qh4 Rxg1 31. Kxg1 Nf7 32. Qg3 Qe7 33. Qf3 Qf6 34.
Qd1 g5 35. fxg5 Nxg5 36. Qh5 Nf7 37. Qd1 Qh4 38. Bf1 Ng5 39. Bg2 Nxh3+ 40. Bxh3
Qxh3 41. Qa1 Qg4+ 42. Kf1 Qg7 43. Qc1 Qc7 44. a4 h5 45. Qd1 Qf7 46. Qd4 Qe7 47.
b5 axb5 48. axb5 Qd7 49. Qb4 Kf7 50. Kg2 e5 51. Qc3 d4 52. exd4 Qd5+ 53. f3
exd4 54. Qc2 Ke7 55. c6 bxc6 56. bxc6 d3 57. Qd2 Kd6 58. Qc3 Kc7 0-1

[Event "Bristol Centenary & WECU Championship"]
[Site "The Great Hall, Bristol Gramm"]
[Date "2024.04.27"]
[Round "3.23"]
[White "Young, Daniel J"]
[Black "Fong, Kenny"]
[Result "1/2-1/2"]
[WhiteElo "1927"]
[BlackElo "1863"]
[PlyCount "51"]
[EventDate "2024.04.26"]
[EventRounds "5"]
[EventCountry "ENG"]
[SourceTitle "ID added"]
[SourceDate "2024.08.26"]
[SourceVersion "1"]
[SourceVersionDate "2024.08.26"]
[SourceQuality "1"]

1. e4 e5 2. Nf3 Nc6 3. Bb5 a6 4. Ba4 Nf6 5. O-O b5 6. Bb3 Bc5 7. a4 Rb8 8. Nxe5
Nxe5 9. d4 Bxd4 10. Qxd4 d6 11. f4 Nc6 12. Qd3 O-O 13. Nc3 Nb4 14. Qd1 c5 15.
e5 dxe5 16. Qxd8 Rxd8 17. axb5 axb5 18. Bxf7+ Kxf7 19. fxe5 Nxc2 20. Ra7+ Kg8
21. exf6 gxf6 22. Bf4 Rb7 23. Rxb7 Bxb7 24. Nxb5 Nd4 25. Nxd4 Rxd4 26. Be3
1/2-1/2

[Event "Bristol Centenary & WECU Championship"]
[Site "The Great Hall, Bristol Gramm"]
[Date "2024.04.27"]
[Round "3.24"]
[White "Zhang, Junyi"]
[Black "Lampard, Alice"]
[Result "1-0"]
[WhiteElo "1924"]
[BlackElo "1844"]
[PlyCount "119"]
[EventDate "2024.04.26"]
[EventRounds "5"]
[EventCountry "ENG"]
[SourceTitle "ID added"]
[SourceDate "2024.08.26"]
[SourceVersion "1"]
[SourceVersionDate "2024.08.26"]
[SourceQuality "1"]

1. e4 c5 2. Nf3 Nc6 3. d4 cxd4 4. Nxd4 g6 5. c4 Bg7 6. Be3 Qb6 7. Nb5 Qa5+ 8.
N1c3 a6 9. Nd4 Nxd4 10. Bxd4 Nf6 11. f3 O-O 12. Qd2 d6 13. Be2 Be6 14. Rc1 Rab8
15. b4 Qd8 16. O-O Rc8 17. Nd5 Bxd5 18. cxd5 Qd7 19. b5 axb5 20. Rb1 e6 21.
Rxb5 exd5 22. exd5 Rfe8 23. Rfb1 Rc7 24. Bb6 Rcc8 25. Bd4 Rc7 26. Bd3 Qe7 27.
Qf2 Rec8 28. Qb2 Ng4 29. fxg4 Rc1+ 30. Rxc1 Bxd4+ 31. Qxd4 Rxc1+ 32. Kf2 Qe1+
33. Kf3 Qd1+ 34. Kg3 Qe1+ 35. Qf2 Qe5+ 36. Kh3 h5 37. Rxb7 hxg4+ 38. Kxg4 Qh5+
39. Kg3 Qg5+ 40. Kh3 Qh5+ 41. Qh4 Rc3 42. Qxh5 gxh5 43. Rb3 Rc5 44. Be4 Ra5 45.
a3 Kg7 46. Kg3 h4+ 47. Kf4 Ra4 48. Ke3 Kf6 49. Bf3 Ke5 50. Kd2 f5 51. Kc2 Rc4+
52. Rc3 Ra4 53. Kb3 Ra8 54. a4 f4 55. Rc4 Rb8+ 56. Rb4 Rc8 57. a5 Rc1 58. Ra4
Rf1 59. a6 Rb1+ 60. Kc4 1-0